| 000 | 01768nkm a2200397 c 4500 | ||
|---|---|---|---|
| 999 |
_c210194 _d210194 |
||
| 003 | BLK | ||
| 005 | 20200429154645.0 | ||
| 008 | 180412b bul rap|r|||| r0| ||bulo| | ||
| 010 | _aKNG00162915000 | ||
| 020 | _a5-85200-182-1 | ||
| 040 | _aBLK | ||
| 041 |
_aENG _cENG _hRUS |
||
| 080 |
_aХудожествена обработка на дърво - Обгаряне (пирография), мозайка (интарзия), стругуване, резбарство, лакиране (Палех, Холуй, Жостово, Мстера, Федоскин _b745.51 _x(470)(47+57):069 _z745.51(470)(47+57):069 |
||
| 139 |
_aPalekh _bP 17 _gП 15 |
||
| 245 | 1 | 0 |
_aPalekh _bThe State Museum of Palekh Art _ccomp. by Vitaly Kotov; comp. by Larisa Taktashova; Виталий Тимофеевич Котов; Лариса Ефимовна Такташова. |
| 250 | _a3. ed. | ||
| 257 | _aSUN | ||
| 260 |
_bIzobrazitelnoye iskusstvo _c1990 |
||
| 300 |
_a320 p. _bill. _c30 cm |
||
| 380 | _a7 | ||
| 500 | _aСписък на авт. на палех. | ||
| 650 | 4 |
_aХудожествена обработка на дърво _9314029 |
|
| 651 | 4 |
_aРусия _9179465 |
|
| 653 | _aПалех | ||
| 653 | _aРусия | ||
| 653 | _aлакови миниатюри | ||
| 700 | 1 |
_aKotov, Vitaly _ecomp. by _915780 |
|
| 700 | 1 |
_aTaktashova, Larisa _ecomp. by _925850 |
|
| 700 | 1 |
_aКотов, Виталий Тимофеевич _9352338 |
|
| 700 | 1 |
_aТакташова, Лариса Ефимовна _9127399 |
|
| 852 | _aЦб Гр А ІІ 3723 | ||
| 856 | 4 |
_qpdf _u |
|
| 856 | 4 |
_qpdf _u |
|
| 942 |
_cGRA _n0 _s1 |
||
| 944 |
_aCR _c10.07.2014 _l10.07.2014 - от С1,Р / 10.07.2014 _kКамелия_Данева |
||
| 944 |
_aED _c10.07.2014 _l10.07.2014 - от С1,Р / 10.07.2014 |
||
| 999 | _d210194 | ||